Southville International School and Colleges
Your cart is empty.
  • Cart
  • Lists
    Public lists Eva Luna New books Lux_list list_1
    Your lists Log in to create your own lists
  • Log in to your account
  • Your cookies
  • Search history
Southville International School and Colleges
  • Advanced search
  • Recent comments
  • Most popular
  • Libraries

Log in to your account

Log in with GOOGLE


If you do not have an external account, but do have a local account, you can still log in:

  1. Home
  2. MARC view: Nurse's manual of laboratory and diagnostic tests /
Normal view MARC view ISBD view

Nurse's manual of laboratory and diagnostic tests / (Record no. 21291)

[ view plain ]
MARC details
000 -LEADER
fixed length control field 00642nam a2200205 a 4500
005 - DATE AND TIME OF LATEST TRANSACTION
control field 20140310183316.0
008 - FIXED-LENGTH DATA ELEMENTS--GENERAL INFORMATION
fixed length control field 051123s19uu xx 00 eng d
020 ## - INTERNATIONAL STANDARD BOOK NUMBER
International Standard Book Number 0803603630
050 ## - LIBRARY OF CONGRESS CALL NUMBER
Classification number RT 48.5
Item number .W385 1999
100 ## - MAIN ENTRY--PERSONAL NAME
Personal name Cavanaugh, Bonita Morrow
245 ## - TITLE STATEMENT
Title Nurse's manual of laboratory and diagnostic tests /
Statement of responsibility, etc Bonita Morrow Cavanaugh.
250 ## - EDITION STATEMENT
Edition statement 3rd ed.
260 ## - PUBLICATION, DISTRIBUTION, ETC. (IMPRINT)
Place of publication, distribution, etc Philadelphia :
Name of publisher, distributor, etc F.A. Davis Company,
Date of publication, distribution, etc 1999
300 ## - PHYSICAL DESCRIPTION
Extent xiv, 1051 p. ;
Dimensions 25 cm.
521 ## - TARGET AUDIENCE NOTE
Target audience note
650 ## - SUBJECT ADDED ENTRY--TOPICAL TERM
Topical term or geographic name as entry element Diagnosis, Laboratory
General subdivision Handbooks, manuals, etc.
650 ## - SUBJECT ADDED ENTRY--TOPICAL TERM
Topical term or geographic name as entry element Nursing
General subdivision Handbooks, manuals, etc.
942 ## - ADDED ENTRY ELEMENTS (KOHA)
Koha item type Books
Source of classification or shelving scheme Library of Congress Classification
Call number prefix Foreign
Holdings
Withdrawn status Lost status Source of classification or shelving scheme Damaged status Home library Current library Shelving location Date acquired Total Checkouts Full call number Barcode Date last seen Copy number Price effective from Koha item type
    Library of Congress Classification   College Library College Library General Circulation Section 01/13/2014   RT 48.5 .W38 1999 C6483 05/15/2018 1 01/13/2014 Books

Nurse's manual of laboratory and diagnostic tests /

APA

Cavanaugh B. M., . (1999). Nurse's manual of laboratory and diagnostic tests. Philadelphia: F.A. Davis Company.

Chicago

Cavanaugh Bonita Morrow, . 1999. Nurse's manual of laboratory and diagnostic tests. Philadelphia: F.A. Davis Company.

Harvard

Cavanaugh B. M., . (1999). Nurse's manual of laboratory and diagnostic tests. Philadelphia: F.A. Davis Company.

MLA

Cavanaugh Bonita Morrow, . Nurse's manual of laboratory and diagnostic tests. Philadelphia: F.A. Davis Company. 1999.

  • Place hold
  • Print
  • Cite
  • Add to your cart (remove)
  • Save record
    BIBTEX Dublin Core MARCXML MARC (non-Unicode/MARC-8) MARC (Unicode/UTF-8) MARC (Unicode/UTF-8, Standard) MODS (XML) RIS
  • More searches
    Search for this title in:
    Other Libraries (WorldCat) Other Databases (Google Scholar) Online Stores (Bookfinder.com) Open Library (openlibrary.org)

Exporting to Dublin Core...

SOUTHVILLE LIBRARY

Southville International School and Colleges Library

1281 Tropical Ave. Cor. Luxembourg St., BF Homes International, Las Pinas City

Tel. No. 8256374 / 252358 Loc. 117/146

Powered by Koha